000 00675cab a2200253 4500
001 ABS45225
008 090401t1991 xxu||||| |||| 00| 0 eng d
035 _a(Sirsi) u51632
041 _aeng
100 _aRickards, S.
245 _aOurs to resin why
260 _c1991
350 _a0
490 _aValuer (ISVA)
_v60(8) October 1991, 11(1)
520 _aDiscusses the rights and wrongs of using resins in repairs.
650 _aCONCRETE
650 _aREPAIRS
650 _aRESINS
650 _aTIMBER
690 _aBUILDING AND CONSTRUCTION-REPAIRS AND MAINTENANCE
690 _aBUILT ENVIRONMENT-BUILDING INSPECTION
942 _n0
948 _c04/03/1997
999 _c32043
_d32043